Регионална библиотека "Любен Каравелов" - Русе

Продаване и управление на продажбите (Запис номер 100928)

MARC детайли
000 -Лидер
Контролно поле с фиксирана дължина 01900nam a2200421 c 4500
003 - Код на организацията, давaща контролен номер
Контролно поле BLK
005 - Дата и час на последна редакция
Контролно поле 20231115093034.0
008 - Елементи от данни с фиксирана дължина
fixed length control field 180409b bul|||||r ||||||| ||bul||
010 ## - Наследен системен номер
LC control number KNG00105957000
020 ## - Международен стандартен номер на книга ISBN
Международен стандартен номер на книга ISBN 954-8401-10-9
-- издат.: Тракия-М
040 ## - Източник на каталожния запис
Идентификатор на билиотеката - собственик на записа BLK
041 ## - Код за език
Код за езика на текст/звукозапис или на отделно заглавие Български
Код за езика КДБФ Български
080 ## - УДК
Текстов определител УДК Техника на търговията (икон. аспекти). Условия на сделките. Форми на стокообмен и разпределение на стоките. Условия на доставките, на плащане. Размяна. Бартерни сделки. Покупка. Продажба. Фр
УДК код - определител по УДК 339.18
УДК определител (075.8)
УДК - код + определител 339.18(075.8)
080 ## - УДК
Текстов определител УДК Пласмент. Продажби
УДК код - определител по УДК 658.8
УДК определител (075.8)
УДК - код + определител 658.8(075.8)
100 1# - Редна дума - Автор
Автор Костова, Септемврина Георгиева
Авторска отговорност първи автор
R(LIN) 366919
139 ## - Редно поле
Редна дума Костова, Септемврина Георгиева и др.
Авторски знак Кос - К 86
245 10 - Сведения за заглавието
Заглавие Продаване и управление на продажбите
Редно поле (дума) Септемврина Георгиева Костова; съавт. Иван Петров.
257 ## - Страна на издаване
Страна на създаване/издаване България
260 ## - Област на издателските данни
-- София
Име на издателя, разпространителя и проч. Тракия-М
Година на издаване 2002
300 ## - Физическа характеристика
Страници 464 с.
Размери/Мащаб 21 см
380 ## - Жанр
Жанр Обществени науки
500 ## - Общи забележки
Забележка Библиогр. с. 463-464.
504 ## - Забележка за наличие на библиография и др
Забележка за наличие на библиография и под. 463-464
650 #4 - Допълнително описание по предмет – тема
Основно описание – тема или топоним Продажби
9 (RLIN) 167941
650 #4 - Допълнително описание по предмет – тема
Основно описание – тема или топоним Търговия - организация
9 (RLIN) 268440
653 ## - Ключова дума – ненормативна
Ключова дума продажби
653 ## - Ключова дума – ненормативна
Ключова дума управление
653 ## - Ключова дума – ненормативна
Ключова дума организация
653 ## - Ключова дума – ненормативна
Ключова дума техники
653 ## - Ключова дума – ненормативна
Ключова дума стратегии
700 1# - Други автори (авторска отговорност)
Лично име Петров, Иван
Автороска отговорност (Описва отношението между автора и произведението) съавт.
Друга информация Иванов, Иван Петров
9 (RLIN) 364739
852 ## - Местоположение
Форматна сигнатура Цб 214738
856 4# - Електронен адрес и достъп
Електронен формат pdf - файл
Път до файла /url/
856 4# - Електронен адрес и достъп
Електронен формат pdf - файл
Път до файла /url/
942 ## - АРТИКУЛИ
Вид на библиотечния материал Книги
Скрит в OPAC Не
Koha issues (borrowed), all copies 1
944 ## - СЪЗДАВАНЕ И РЕДАКЦИЯ на ЗАПИСА
Създаване/Редакция Създаване
Дата на регистрацията/редакция 01.01.2002
Служител, извършил регистрацията/редакцията 30534
Статус, дата на статуса Радостина Карадакова
944 ## - СЪЗДАВАНЕ И РЕДАКЦИЯ на ЗАПИСА
Създаване/Редакция Редакция
Дата на регистрацията/редакция 26.11.2012
Служител, извършил регистрацията/редакцията
999 ## - СИСТЕМНИ КОНТРОЛНИ НОМЕРА
Koha biblionumber 100928
Koha biblioitemnumber 100928
Наличности
Код за отписване Код за изгубен артикул Код за повреда Коз за рестрикции Код за отдаване Артикулен № Име на библиотеката - собственик Име на библиотеката, в която се намира в момента Статус (Текущо местоположение) Дата на вписване в системата Местоположение - отдел Цена в лева Инвентарен номер Систематично азбучна сигнатура Баркод Номер на екземпляра Цена в евро Служебна бележка Служебен тип на артикула
  Не е изгубен Не е повреден без рестрикции ползва се в читалня 162397 Регионална библиотека "Любен Каравелов" Русе Регионална библиотека "Любен Каравелов" Русе Читалня 2003-04-25 Читалня 15.73 120000676028 Ч1 339/К 86 120000676028 1 8.04 Дост: Pk Вид: Ф N: 8612 Дата: 23.04.2003 Дата инв: 23.03.2017 Бележки инв: Ч2017 Книги
Vip Innovations Ltd, Rousse, Bulgaria 2025